Statistics for Souffles de demon slayer

Click here to take the quiz!

General Stats

  • This quiz has been taken 25 times
  • The average score is 12 of 14

Answer Stats

IndiceRéponse% Correct
Maîtrisé par MitsuriAmour
93%
Maîtrisé par InosukeBête
93%
Maitrisé par SanemiEcrivez " du ... " Du vent

93%
Maitrisé par KanaoFleur
93%
Maîtrisé par TanjirooEau
93%
Maitrisé par ShinobuInsecte
93%
Maitrisé par YorichiiSoleil
93%
Maîtrisé par MuichiroBrume
87%
Maîtrisé par ObanaiEcrivez " du ... "Du serpent
87%
Maitrisé par RengokuPareil sans le "du"flame
87%
Maîtrisé par KokushiboLune
87%
Maîtrisé par Gyomei
Roche
80%
Maîtrisé par ZenitsuFoudre
80%
Maîtrisé par TengenAttention écrivez "du ... " mot anglais (bug)Du sound
73%

Score Distribution

Percentile by Number Answered

Percent of People with Each Score

Your Score History

You have not taken this quiz